000 00419 a2200133 4500
245 _aMédecine traditionnelle et pharmacopée : contributions aux études ethnobotaniques et floristiques au Niger: rapport présenté à l'ACCT
100 _aAdjanohoun, E. J.
700 _aAhyi, A. M. R.
700 _aAké Assi, L.
260 _c1980
300 _a250 p.
999 _c17548
_d17548